00543nam a2200181Ia 450000500170000001000260001702000270004303500270007003500130009703700190011003700130012908200060014210000190014824500420016726000440020927000790025330000290033220150325150046.0 aBAC-CH25 ENG-112184 a9789350095508c 350.00 aB-549161-186 EN-95716 aG-002966 bTechniz/vender bDBAD/PUB aS aCoelho, Venita aTiger by the tail /cby Venita Coelho c2013aGurgaonbHachette Book Publishing a4th & 5th Floor, Corporate Centre, Plot No.94, Sector -44bGurgaone122003 a262p. :bill.c21cm(pbk)